| 000 -LEADER |
| fixed length control field |
02198 a2200253 4500 |
| 003 - CONTROL NUMBER IDENTIFIER |
| control field |
Nust |
| 005 - DATE AND TIME OF LATEST TRANSACTION |
| control field |
20170207154018.0 |
| 010 ## - LIBRARY OF CONGRESS CONTROL NUMBER |
| LC control number |
2003020242 |
| 020 ## - INTERNATIONAL STANDARD BOOK NUMBER |
| International Standard Book Number |
0471463620 (PAPER/WEBSITE) |
| 040 ## - CATALOGING SOURCE |
| Transcribing agency |
Nust |
| 082 00 - DEWEY DECIMAL CLASSIFICATION NUMBER |
| Classification number |
005.2762 |
| 245 00 - TITLE STATEMENT |
| Title |
Java Open Source programming(E-BOOK) |
| Remainder of title |
with XDoclet, JUnit, WebWork, Hibernate / |
| Statement of responsibility, etc. |
Joe Walnes ... [et al.]. |
| 260 ## - PUBLICATION, DISTRIBUTION, ETC. |
| Place of publication, distribution, etc. |
Indianapolis, Ind. : |
| Name of publisher, distributor, etc. |
Wiley, |
| Date of publication, distribution, etc. |
c2004. |
| 300 ## - PHYSICAL DESCRIPTION |
| Extent |
xx, 459 p. : |
| Other physical details |
ill. ; |
| Dimensions |
24 cm. |
| 440 #0 - SERIES STATEMENT/ADDED ENTRY--TITLE |
| Title |
Java Open Source library |
| 505 ## - FORMATTED CONTENTS NOTE |
| Formatted contents note |
Part One Introduction (Page-1), Chapter 1 Overview of the Book (Page-3), Chapter 2 Application Overview (Page-9), Part Two Building Your Open Source Toolbox (Page-17), Chapter 3 Unit Testing with JUnit (Page-19), Chapter 4 Testing Object Interactions with Mocks (Page-39), Chapter 5 Storing Objects with Hibernate (Page-53), Chapter 6 Model View Controller with WebWork (Page-83), Chapter 7 Simplifying Layout with SiteMesh (Page-127), Chapter 8 Adding Search Capabilities with Lucene (Page-153), Chapter 9 Generating Configuration Files with XDoclet (Page-165), Chapter 10 Communication and Tools (Page-185), Chapter 11 Time-Saving Tools (Page-197), Part Three Developing the Application (Page-219), Chapter 12 Setting Up the Development Environment (Page-221), Chapter 13 Understanding Test Driven Development (Page-239), Chapter 14 Managing Lifecycles and Dependencies of Components (Page-255), Chapter 15 Defining the Domain Model (Page-269), Chapter 16 Creating a Web-Based Interface (Page-309), Chapter 17 Defining Navigation, Layout, Look, and Feel (Page-347), Chapter 18 Implementing Browse and Search Capabilities (Page-363), Chapter 19 Adding a Shopping Cart (Page-405), Chapter 20 Securing the Application (Page-425). |
| 650 #0 - SUBJECT ADDED ENTRY--TOPICAL TERM |
| Topical term or geographic name entry element |
Java (Computer program language) |
| 650 #0 - SUBJECT ADDED ENTRY--TOPICAL TERM |
| Topical term or geographic name entry element |
Open source software. |
| 651 ## - SUBJECT ADDED ENTRY--GEOGRAPHIC NAME |
| Geographic name |
Java Open Source programming(E-BOOK) |
| 700 1# - ADDED ENTRY--PERSONAL NAME |
| Personal name |
Walnes, Joe, |
| Dates associated with a name |
1978- |
| 856 42 - ELECTRONIC LOCATION AND ACCESS |
| Materials specified |
Contributor biographical information |
| Uniform Resource Identifier |
<a href="http://www.loc.gov/catdir/bios/wiley046/2003020242.html">http://www.loc.gov/catdir/bios/wiley046/2003020242.html</a> |
| 856 42 - ELECTRONIC LOCATION AND ACCESS |
| Materials specified |
Publisher description |
| Uniform Resource Identifier |
<a href="http://www.loc.gov/catdir/description/wiley041/2003020242.html">http://www.loc.gov/catdir/description/wiley041/2003020242.html</a> |
| 856 42 - ELECTRONIC LOCATION AND ACCESS |
| Materials specified |
Table of contents |
| Uniform Resource Identifier |
<a href="http://www.loc.gov/catdir/toc/ecip048/2003020242.html">http://www.loc.gov/catdir/toc/ecip048/2003020242.html</a> |
| 942 ## - ADDED ENTRY ELEMENTS (KOHA) |
| Source of classification or shelving scheme |
|
| Koha item type |
Book |